Overenie NLP na neformálnych textoch

Guardado en:
Detalles Bibliográficos
Autor principal: Štekláč, Martin (Autor)
Otros Autores: Andicsová, Vanesa (Orientador)
Formato: Manuscrito Libro
Lenguaje:eslovaco
Publicado: Bratislava : STU v Bratislave FEI, 2022
Materias:
Acceso en línea:https://opac.crzp.sk/?fn=detailBiblioFormChildIBO7A&sid=72A4E145D65F5DA0B44C340B29C0&seo=CRZP-detail-kniha
Etiquetas: Agregar Etiqueta
Sin Etiquetas, Sea el primero en etiquetar este registro!

MARC

LEADER 00000ntm a22000003a 4500
001 stuzp88866
003 SK-STU
005 20230213121736.9
007 ta
008 150427s2015----xo-----f-mn---000-0-slo-d
040 |a STU  |b slo 
041 0 |a slo 
044 |a xo 
100 1 |a Štekláč, Martin  |u 035000  |4 aut  |U FEI Fakulta elektrotechniky a informatiky  |T FEI Ústav informatiky a matematiky  |X 80112  |U E050  |Y 816  |7 80112 
242 0 1 |a NLP verification on informal texts  |y eng 
245 1 0 |a Overenie NLP na neformálnych textoch 
260 |a Bratislava :  |b STU v Bratislave FEI,  |c 2022 
300 |a 60 s., príl. 
650 4 |a NLP  |2 slo 
650 4 |a klasifikácia  |2 slo 
650 4 |a strojové učenie  |2 slo 
650 4 |a classification  |2 eng 
650 4 |a machine learning  |2 eng 
650 4 |a NLP  |2 eng 
700 1 |a Andicsová, Vanesa  |u 035000  |k Z3  |4 ths  |U FEI Fakulta elektrotechniky a informatiky  |T FEI Ústav informatiky a matematiky  |X 80271  |U E050  |Y 816  |7 80271 
856 4 |u https://opac.crzp.sk/?fn=detailBiblioFormChildIBO7A&sid=72A4E145D65F5DA0B44C340B29C0&seo=CRZP-detail-kniha